000 01529nam a22002417a 4500
005 20260305102827.0
008 260303b |||||||| |||| 00| 0 eng d
020 _a0915556316
040 _cAL
041 _aEnglish
082 _a153.1
_bHAND
100 _aCarla Hannaford
_9257697
245 _aDominance factor:
_bhow knowing your dominant eye brain hand and foot can improve your learning
260 _aArlington
_bGreat Ocean Publishers
_c1997
300 _a176p.
_bPB
_c18.5x19cm.
365 _aIN-9731
_b₹3036.00
_c
_d₹1671.00
_f14-01-2026
520 _aExplores an area that has long intrigued scientists and educators: the linkages between the side of the body we favor for seeing, hearing, touching, and moving and the way we think, learn, play, and relate to others. Your Dominance Profile is actually a key factor in shaping the way you think and act. Carla hannaford shows why, and reveals how knowing your Profile will help you, and your children, to l earn in the way that suits you best, and perform at your highest level. The Dominance Factor clearly explains methods for discovering your Profilethat are so simple, non-invasive and easy to learn that even a child can do them. This is a book that parents, teachers, and all of us who need to understand what makes ourselves and others tick, will use and enjoy.
650 _aCognitive Styles
_9257586
650 _aCerebral Dominance
_9257587
650 _aLeft and Right (Psychology)
_9257588
650 _aMind and Body
_9257589
942 _2ddc
_cBK
999 _c240987
_d240987